00903nam a22002057a 450000500170000000800410001702000180005804000070007604100080008308200220009110000200011324500870013325000120022026000480023230000280028036500640030852002750037265000310064770000190067820250107114543.0250106b ||||| |||| 00| 0 eng d a9781108716987 cAL aeng 223a574.192bHOFW aAndreas Hofmann aWilson and walkers principles and techniques of biochemistry and molecular biology a8th ed. aNew DelhibCambridge University Pressc2023 axxx,929p.bPBc25x17cm. 2Generala5677b₹1436.00c₹d₹1795.00e20%f24/12/2024 aReading books is a kind of enjoyment. Reading books is a good habit. We bring you a different kind of books. You can carry this book wherever you want. It is easy to carry. It can be an ideal gift to yourself and to your loved ones. Care instruction keep away from fire. 2BiochemistryaBiochemistry aClokie, Samuel